000 00591nam a22002177a 4500
003 UA-OsUOA
001 71303
007 ta
008 20101018b un ||||| |||| 00| 0 ukr d
100 _aМеджибовська Н.
090 _a330
_bМ42
942 _cSA
040 _aUA-OsUOA
_bukr
_cUA-OsUOA
_dUA-OsUOA
245 _aКлючові фактори нарощування конкурентних переваг компаний
300 _aС.36-44
955 _a0
041 _aukr
080 _a330
773 0 _w71302
650 7 _a330 Економіка взагалі
_2UDC
999 _c357581
_d357581